• 首页
  • 本馆介绍
  • 公告通知
  • 最新文献
  • 馆藏检索
  • 电子资源
  • 读者导购
  • 参考咨询
  • 我的图书馆
  • 登录
  • 详细信息显示
  • 放入我的书架
  • 预约/预借图书
  • 作者相关作品
  • 分类相关作品
  • 丛书相关作品
  • 出版社相关作品

书目信息

  • 表格格式
  • 工作单格式
  • 卡片格式
题名:
像素的悖论
    
 
作者: 王佑镁 著
分册:  
出版信息: 北京   中国社会科学出版社  2018.05
页数: 348页
开本: 24cm
丛书名:
单 册:
中图分类: G255.75
科图分类:
主题词: 少年儿童--电子图书--阅读--研究--中国
电子资源:
ISBN: 978-7-5203-1472-5
000 01175nam0 2200229 450
001 1405
005 20180928095802.78
010    @a978-7-5203-1472-5@dCNY95.00
100    @a20180714d2018 em y0chiy50 ea
101 0  @achi
102    @aCN@b110000
105    @aa z 000yy
200 1  @a像素的悖论@9xiang su de bei lun@e中国未成年人数字化阅读实证研究@f王佑镁著
210    @a北京@c中国社会科学出版社@d2018.05
215    @a348页@c图@d24cm
300    @a当代浙江学术文库 2017年度浙江省社科联省级社会科学学术著作出版资金资助出版 国家社会科学基金项目“我国未成年人数字化阅读实证研究”
330    @a本书整合了图书馆学、阅读学、传播学、教育学、心理学关于阅读、媒介素养以及认知发展的理论成果,通过全国范围内的大规模抽样调查,探究我国未成年人数字化阅读的特征与倾向,揭示未成年人数字化阅读各阶段隐藏的“认知规律”和“成长密码”;通过眼动技术及准实验研究等实证方法,探索未成年人数字化阅读的行为规律与模式,揭示数字化阅读对未成年人社会发展与认知发展的影响,为未成年人数字化阅读建立“行为基础”。
606 0  @a少年儿童@x电子图书@x阅读@x研究@y中国
690    @aG255.75@v5
701  0 @a王佑镁@9wang you mei@f(1974-)@4著
801  0 @aCN@b91MARC@c20180714
905    @aMuseLib@dG255.75@e41
    
    像素的悖论:中国未成年人数字化阅读实证研究/王佑镁著.-北京:中国社会科学出版社,2018.05
    348页:图;24cm
    当代浙江学术文库 2017年度浙江省社科联省级社会科学学术著作出版资金资助出版 国家社会科学基金项目“我国未成年人数字化阅读实证研究”
    
    ISBN 978-7-5203-1472-5:CNY95.00
    本书整合了图书馆学、阅读学、传播学、教育学、心理学关于阅读、媒介素养以及认知发展的理论成果,通过全国范围内的大规模抽样调查,探究我国未成年人数字化阅读的特征与倾向,揭示未成年人数字化阅读各阶段隐藏的“认知规律”和“成长密码”;通过眼动技术及准实验研究等实证方法,探索未成年人数字化阅读的行为规律与模式,揭示数字化阅读对未成年人社会发展与认知发展的影响,为未成年人数字化阅读建立“行为基础”。
●
相关链接 在E读中查询图书 在五车中查询图书 在当当中查询图书 在豆瓣中查询图书


正题名:像素的悖论     索取号:G255.75/41         预约/预借

序号 登录号 条形码 馆藏地/架位号 状态 备注
1 1122516   211225164   第一样本阅览室/ [索取号:G255.75/41] 在馆    
2 1122517   211225173   第四借阅区/ [索取号:G255.75/41] 在馆    
3 1122518   211225182   第四借阅区/ [索取号:G255.75/41] 在馆    
4 1122519   211225191   第四借阅区/ [索取号:G255.75/41] 在馆    
5 1122520   211225208   第四借阅区/ [索取号:G255.75/41] 在馆    
唐山师范学院图书馆 欢迎您!
大连网信软件有限公司© 版权所有